La resolución por incumplimiento en las obligaciones bilaterales
Guardat en:
| Autor principal: | |
|---|---|
| Format: | Llibre |
| Idioma: | espanyol |
| Publicat: |
Madrid
La Ley-Actualidad
1998
|
| Col·lecció: | Colección Doctrina y Jurisprudencia
|
| Matèries: | |
| Etiquetes: |
Afegir etiqueta
Sense etiquetes, Sigues el primer a etiquetar aquest registre!
|
MARC
| LEADER | 00000nam a2200000 a 4500 | ||
|---|---|---|---|
| 001 | UCL3617 | ||
| 003 | CL-VaPUC | ||
| 008 | 031128e19980000SP |||||||||||||||||spa|d | ||
| 020 | |a 8476955049 | ||
| 082 | 0 | 4 | |a 346.02 |b FER |2 21 |
| 100 | 0 | |a Fernández González-Regueral, María Angeles |e author |9 480968 | |
| 245 | 1 | 3 | |a La resolución por incumplimiento en las obligaciones bilaterales |
| 300 | |a 626 p | ||
| 942 | |c BK | ||
| 945 | |d 20031128 00:00:00 |a cmena | ||
| 260 | |a Madrid |b La Ley-Actualidad |c 1998 | ||
| 650 | 0 | |a Contratos |9 255153 | |
| 650 | 0 | |a Obligaciones |9 255578 | |
| 650 | 0 | |a Responsabilidad contractual |9 256720 | |
| 650 | 0 | |a Indemnización |9 371892 | |
| 583 | |a last modification |c 20031128 00:00:00 |k Rodrigo Vera | ||
| 490 | 0 | |a Colección Doctrina y Jurisprudencia | |
| 999 | |c 306635 |d 306633 | ||
| 952 | |0 0 |1 0 |4 0 |6 346_020000000000000_FER_1998 |7 0 |8 A |9 371784 |a BIBDER |b BIBDER |d 2019-11-21 |i 3876462 |o 346.02 FER 1998 |p 3876462 |r 2023-01-25 |w 2019-11-21 |y BK |k DER | ||